000
00313nam a2200157Ia 4500
100
_a
Worley/J.C/ Drake/George R
250
_a
1
942
_c
BK
654
_a
SQL
245
_a
Practical Postgre SQL
260
_b
Oreilly
_c
2002
082
_a
5.133
_b
WOR
300
_a
611
546
_a
ENGLISH
999
_c
29021
_d
29021